MDQL
is popping MORE tags! Check the
thread
!
Quizzes
Events
Quiz Creation
Community
Videos
Private Events
Remove Ads
Sign In
Join for FREE
Feedback
Dark Mode
Quiz Categories
Sports
Geography
Music
Movies
Television
Just For Fun
Miscellaneous
History
Literature
Language
Science
Gaming
Entertainment
Religion
Holiday
For Kids
Quiz Lab
Recent
Popular Today
Quiz Kudos Today
Editor Picks
Curator Picks
Quizzes by...
Day
Popularity
Type
Ratings
Length
Year
Community
Subscriptions
Recent Discussions
Orange Saloon
Badges
Playlists
Quests
Create
Leaderboards
Showdown
Live 5
Trivia Bingo
Activity
Puzzle Library
Sporcle Events
Private Events
Virtual Trivia
Globe League
Become a Host
Pub Owners
SporcleCon
Opinionation
Our Games
Videos
Blog
Mobile Apps
Partnerships
Remove Ads and Go Orange
Feedback
Sports
Athletes
MLB
NBA
NHL
NFL
Soccer
Sports Teams
WWE
NCAA
Football
Premier League
Basketball
Baseball
Hockey
Golf
Tennis
Cricket
Rugby
Auto Racing
Olympics
World Cup
Sports
Athletes
MLB
NBA
NHL
NFL
Soccer
Sports Teams
WWE
NCAA
Football
Premier League
Basketball
Baseball
Hockey
Golf
Tennis
Cricket
Rugby
Auto Racing
Olympics
World Cup
Random Quiz
Search Sporcle
×
Quiz Lab
Quiz Lab
Sports
NCAA
Type in answers that appear in a list
Type in answers that appear in a list
Classic
Best Score? Go Orange.
NCAA School by Mascot Stats
Can you name the NCAA School from its unique mascot?
By
imway2smart4U
5m
20 Questions
411 Plays
411 Plays
411 Plays
Comments
Comments
Give Quiz Kudos
Give Quiz Kudos
-
- Ratings
hide this ad
More Info
Random Order
Randomize order of answers
Randomize order of answers
Replay
Link that replays current quiz
Next Quiz
Link to next quiz in quiz playlist
You Got
0%
They Got
Avg Score
80%
Avg Friend Score
Upgrade to see
Score Distribution
Jump to the score distribution portion of the page
Score
0/20
Timer
05:00
0
Plays Today
Mascot
School
% Correct
Sooners
Oklahoma
97.1%
Jayhawks
Kansas
95.9%
Seminoles
Florida State
95.1%
Volunteers
Tennessee
94.4%
Boilermakers
Purdue
93.9%
Sun Devils
Arizona State
93.7%
Gamecocks
South Carolina
93.2%
Hokies
VA Tech
92.7%
Beavers
Oregon State
89.8%
Demon Deacons
Wake Forest
87.3%
Mascot
School
% Correct
Lobos
New Mexico
86.9%
Midshipmen
Navy
86.1%
Commodores
Vanderbilt
85.9%
Cardinal
Stanford
83.2%
Greenwave
Tulane
74%
Aztecs
San Diego State
67.2%
Vandals
Idaho
59.4%
Minutemen
UMass
56.4%
Golden Hurricane
Tulsa
54.7%
Banana Slugs
UCSC
22.1%
Quiz Playlist
Details
Report
Send in Message
Add To Playlist
More Info:
Name the school whose mascot is given. Do not write university and you must write out state.
Classic:
Type in answers that appear in a list
Random Order:
Randomize order of answers
Last Updated: Feb 16, 2017
Quiz Scoreboard
CHALLENGE
Sign Up to Join the Scoreboard
Show All
Scores
Hide
Comments
May contain spoilers
Recently Published
Holiday 10x10 Sorting Gallery
by lukepisani3
Holiday
15m
Two Season TV Shows II
by 123Four
Television
10m
Image Sorting: Flags VI
by Barbecue
Geography
2m
More to Explore
Quiz From the Vault
Featured Blog Post
14 Easter Pick-up Lines to Find Eggs With
hide this ad
You Might Also Like...
Tags
NCAA Quiz
mascot
NCAA School
school
Unique
Today's Top Quizzes in Sports
Browse Sports
hide this ad
Today's Top Quizzes in NCAA
Browse NCAA
Top Contributed Quizzes in Sports
1
Les meilleurs buteurs des matchs entre le PSG et l’OM
2
Les entraîneurs de l'OM et du PSG au 21e siècle
3
2022 World Cup Stars
4
Les joueurs passés par le PSG et l'OM
5
Players with Multiple 50 Home Run Seasons
6
FIFA Club World Cup Champions
7
Top 10 NHL Goal Scorers of All Time
8
Les joueurs passés par le LOSC et le RC Lens
9
Criteria MLB: Left Handed Sluggers
10
2023 MLB Unique Player Accomplishments
Explore More
Trending Topics
Harry Potter
Anime
Disney
NBA
Marvel
Kpop
Crossword
Country
Puzzle
Soccer
NFL
Pokémon
Song
WWE
The Office
hide this ad
More By:
imway2smart4U
Quiz
Plays
Rating
Category
Featured
Created
Best Picture Animals
481
4.00
Movies
Dec 28, 2010
NCAA School by Mascot
411
1.75
Sports
Feb 7, 2010
The Great 2K Quiz
278
4.50
Miscellaneous
Jul 10, 2011
Red White and Blue
116
4.00
Geography
Dec 28, 2010
Fr-words
84
4.67
Just For Fun
Jan 20, 2011
Go to Creator's Profile
Score Distribution
Quiz Creator Spotlight
imway2smart4U
Follow
Send a Message
Quizzes Created
-
Created Quiz Play Count
-
More By This Creator
Popular Quizzes Today
1
Find the US States - No Outlines Minefield
2
Colored Red Africa Blitz
3
Find the 'City' Movie
4
The Countries of the World
5
5x2 Blitz: Bands
6
Find the Countries of Europe - No Outlines Minefield
7
Find the US States
8
US States
More Sports Quizzes
Quick Pick: 2020 Olympics Boxing Gold Countries
Curator's Pick
Trending Quizzes
Colored Red Europe Blitz I
Colored Red Europe Blitz II
Colored Red Africa Blitz II
Even More Two Season TV Shows
Colored Red Africa Blitz III
Recently Updated
Odd Team Out - Big 4 Players
pecheneg
Quick Pick: 20 Twenties
pecheneg
March Madness Men's Triple Doubles
pecheneg
How Do You Spell That?
pecheneg
Godzilla Movies
pecheneg
Grab Bag: 4-10 Letters
pecheneg
2024 March Madness Bracket
pecheneg
Famous TV Couples
Peacemaker
Champions League XIs: Real Madrid
pecheneg
Largest US Cities 1790-2010
pecheneg
Trending Topics
Harry Potter
Disney
Crossword
Anime
Kpop
NBA
Marvel
Puzzle
The Office
Pokémon
NFL
Country
WWE
Song
Soccer
Your Account Isn't Verified!
In order to create a playlist on Sporcle, you need to verify the email address you used during registration. Go to your
Sporcle Settings
to finish the process.
Report this User
Report this user for behavior that violates our
Community Guidelines
.
Details:
Send Report
Go to the Sporcle.com Mobile Site →
Comments